000 01115nam a2200301 i 4500
001 69449
003 Mx-PuUPA
005 20220530102057.0
008 220521s2018 enkd|||gr|||| 00| 0 eng d
020 _a9781783302260
_qpapel alcalino
040 _aMx-PuUPA
_bspa
_cMx-PuUPA
_dMx-PuUPA
_erda
041 0 _aeng
100 1 _aYeo, Geoffrey,
_c(Archivist)
_eautor
_912656
245 1 0 _aRecords, information and data :
_bexploring the role of record-keeping in an information culture /
_cGeoffrey Yeo
250 _aFirst published
264 1 _aLondon :
_bFacet Publising,
_c2018
300 _axvi, 208 páginas :
_bgraficas ;
_c24 cm
336 _2rdacontent
_atexto
_btxt
337 _2rdamedia
_asin medio
_bn
338 _2rdacarrier
_avolumen
_bnc
650 7 _2armarc
_aOrganización de la información
650 7 _2armarc
_aArchivos
_xAdministración
650 7 _2armarc
_aAlmacenamiento y recuperación de información
942 _2ddc
_cLI
_h025.1
_iG342
999 _c69449
_d69449